| 000 | 01009nam a2200277Ia 4500 | ||
|---|---|---|---|
| 005 | 20220317001954.0 | ||
| 008 | 200115s2019 ck 000 0 spa d | ||
| 020 | _a9789585499058 | ||
| 040 |
_aCO-BoRNBP _bspa _erda _cCO-BoRNBP |
||
| 041 | 0 | _aspa | |
| 100 | 1 |
_aRamírez Ros, David, _d1974 _eautor |
|
| 245 | 1 | 0 |
_aTodo mini monsters _cDavid Ramírez |
| 250 | _aEdición especial | ||
| 264 | 1 |
_aBogotá _bMonserrate _c2019 |
|
| 300 |
_a293 páginas _bilustraciones en color _c 30 cm. |
||
| 336 |
_2rdacontent _atexto _btxt |
||
| 337 |
_2rdamedia _asin mediación _bn |
||
| 338 |
_2rdacarrier _avolumen _bnc |
||
| 490 | 0 | _aPlan Nacional de Lectura y Escritura Leer es mi Cuento / Ministerio de Cultura | |
| 521 | _aRecomendado para un público mayor de 12 años. | ||
| 650 | 1 | 7 |
_aLiteratura juvenil española _2LEMB |
| 650 | 1 | 7 |
_aHistorias de aventuras _2LEMB _vTiras cómicas, historietas, etc. |
| 650 | 1 | 7 |
_aMonstruos _2LEMB _vTiras cómicas, historietas, etc. |
| 942 |
_2loc _cBKINF |
||
| 084 | _aH RAM13 | ||
| 999 |
_c8746 _d8746 |
||